A street through time / (Record no. 1961)

MARC details
000 -LEADER
fixed length control field 01403cam a2200373 a 4500
001 - CONTROL NUMBER
control field 1961
003 - CONTROL NUMBER IDENTIFIER
control field FISKH
005 - DATE AND TIME OF LATEST TRANSACTION
control field 20231023133306.0
008 - FIXED-LENGTH DATA ELEMENTS--GENERAL INFORMATION
fixed length control field 980217s1998 nyua j 000 0 eng
010 ## - LIBRARY OF CONGRESS CONTROL NUMBER
LC control number 98003226
020 ## - INTERNATIONAL STANDARD BOOK NUMBER
Canceled/invalid ISBN 0789432461
020 ## - INTERNATIONAL STANDARD BOOK NUMBER
International Standard Book Number 9781465420602
040 ## - CATALOGING SOURCE
Original cataloging agency DLC
Transcribing agency DLC
Modifying agency DLC
Language of cataloging eng
042 ## - AUTHENTICATION CODE
Authentication code lcac
050 00 - LIBRARY OF CONGRESS CALL NUMBER
Classification number CC171
Item number .M55 1998
082 00 - DEWEY DECIMAL CLASSIFICATION NUMBER
Classification number 936
Edition number 21
100 1# - MAIN ENTRY--PERSONAL NAME
Personal name Millard, Anne.
245 12 - TITLE STATEMENT
Title A street through time /
Statement of responsibility, etc. Illustration : Steve Noon.
250 ## - EDITION STATEMENT
Edition statement First published in the United States in 2012
260 ## - PUBLICATION, DISTRIBUTION, ETC.
Place of publication, distribution, etc. New York :
Name of publisher, distributor, etc. DK publishers,
Date of publication, distribution, etc. 2013.
300 ## - PHYSICAL DESCRIPTION
Extent 45 pages :
Other physical details color illustrations ;
Dimensions 30 cm
505 ## - FORMATTED CONTENTS NOTE
Formatted contents note Q<br/>
520 ## - SUMMARY, ETC.
Summary, etc. 'A Street Through Time' uncovers the layers of history beneath the reader's feet and takes him or her on a 12,000 year visual journey back to the Stone Age. As the images unfold the reader is taken through 14 different periods of history.
521 8# - TARGET AUDIENCE NOTE
Target audience note 680<br/>
Source Lexile<br/>
521 8# - TARGET AUDIENCE NOTE
Target audience note Q<br/>
Source Raz-Plus<br/>
650 #0 - SUBJECT ADDED ENTRY--TOPICAL TERM
Topical term or geographic name entry element Archaeology, Urban
Geographic subdivision Europe
General subdivision Juvenile literature.
650 #0 - SUBJECT ADDED ENTRY--TOPICAL TERM
Topical term or geographic name entry element Cities and towns
Geographic subdivision Europe
General subdivision History
-- Juvenile literature.
650 #0 - SUBJECT ADDED ENTRY--TOPICAL TERM
Topical term or geographic name entry element City and town life
Geographic subdivision Europe
General subdivision History
-- Juvenile literature.
650 #1 - SUBJECT ADDED ENTRY--TOPICAL TERM
Topical term or geographic name entry element Cities and towns
General subdivision History.
650 #1 - SUBJECT ADDED ENTRY--TOPICAL TERM
Topical term or geographic name entry element City and town life
General subdivision History.
700 1# - ADDED ENTRY--PERSONAL NAME
Personal name Noon, Steve,
Relator term illustrator
906 ## - LOCAL DATA ELEMENT F, LDF (RLIN)
a 7
b cbc
c orignew
d 1
e ocip
f 19
g y-gencatlg
942 ## - ADDED ENTRY ELEMENTS (KOHA)
Source of classification or shelving scheme Dewey Decimal Classification
Koha item type Books
Suppress in OPAC No
Holdings
Withdrawn status Lost status Source of classification or shelving scheme Damaged status Not for loan Collection Home library Current library Shelving location Date acquired Total Checkouts Full call number Barcode Date last seen Date last checked out Price effective from Koha item type
    Dewey Decimal Classification     Non-Fiction Footprints International School Library Network Toul Kork Campus Footprints International School Library Network Toul Kork Campus TK Primary Library Room(4th Floor), Bookcase 5&6, Shelves 33-56, Orange Books 10/23/2023 3 MIL 936 CC171.M55 FISTK05642 03/25/2026 03/20/2026 10/23/2023 Books